| 000 | 01176nam a2200277 a 4500 | ||
|---|---|---|---|
| 003 | CBULib | ||
| 005 | 20250626130522.0 | ||
| 008 | 190531s2016 ||||||||||||||||| || u | ||
| 020 | _a9781859595985 (paperback) | ||
| 020 | _a1859595987 | ||
| 040 |
_bEnglish _cCBULib _erda |
||
| 050 | _aRC 86.8 Uk | ||
| 110 |
_aAssociation of Ambulance Chief Executives (Great Britain) _94641 |
||
| 245 | 1 | 0 |
_aUK ambulance services clinical practice guidelines 2016. Pocket book _c/ by Association of Ambulance Chief Executives. |
| 260 |
_aBridgwater : _bClass Professional Publishing, _c2016 |
||
| 300 | _a334 pages : illustrations | ||
| 336 |
_aText | _2rdacontent _btxt |
||
| 337 |
_aUnmediated | _2rdamedia _bn |
||
| 338 |
_aVolume _2rdacarrier _bnc |
||
| 500 | _aAt head of cover title: Association of Ambulance Chief Executives and jrcalc. Notebook format. | ||
| 650 | 0 | _aEMERGENCY MEDICINE--GREAT BRITAIN--HANDBOOKS, MANUALS, ETC | |
| 650 | 0 |
_aAMBULANCE SERVICE--GREAT BRITAIN--HANDBOOKS, MANUALS, ETC _94642 |
|
| 650 | 0 |
_aEMERGENCY MEDICAL TECHNIANS--GREAT BRITAIN _94644 |
|
| 710 |
_aJoint Royal Colleges Ambulance Liaison Committee (Great Britain) _94647 |
||
| 942 |
_2lcc _c002 |
||
| 999 |
_c86247 _d86247 |
||